Transición demográfica y envejecimiento demográfico /
El envejecimiento demográfico es un tema de interés actual, resultado de la llamada transición demográfica, entendida como el paso de niveles altos a bajos de mortalidad y fecundidad y sus efectos sobre la estructura de edad de la población. El artículo analiza esta problemática para el caso de seis...
Guardado en:
| Hovedforfatter: | |
|---|---|
| Format: | Texto |
| Fag: | |
| Tags: |
Tilføj Tag
Ingen Tags, Vær først til at tagge denne postø!
|
MARC
| LEADER | 00000 a a2200000 04500 | ||
|---|---|---|---|
| 001 | 11743 | ||
| 003 | |||
| 040 | |||
| 100 | |a Miró G, Carmen A. | ||
| 245 | |a Transición demográfica y envejecimiento demográfico / |c Carmen A. Miró G | ||
| 520 | |a El envejecimiento demográfico es un tema de interés actual, resultado de la llamada transición demográfica, entendida como el paso de niveles altos a bajos de mortalidad y fecundidad y sus efectos sobre la estructura de edad de la población. El artículo analiza esta problemática para el caso de seis países: Bolivia, Haití, Costa Rica, Panamá, Chile y Cuba, cuya dinámica demográfica es representativa de las diferentes etapas (incipiente, moderada, plena y avanzada), de dicha transición en el período 1970-2025 | ||
| 650 | |a TRANSICION DEMOGRAFICA | ||
| 650 | |a ENVEJECIMIENTO DE LA POBLACION | ||
| 650 | |a COMPOSICION DE LA POBLACION | ||
| 650 | |a CONSECUENCIAS ECONOMICAS | ||
| 650 | |a CONSECUENCIAS SOCIALES | ||
| 650 | |a TASA DE FECUNDIDAD | ||
| 650 | |a ESPERANZA DE VIDA | ||
| 650 | |a CRECIMIENTO DEMOGRAFICO | ||
| 650 | |a COMPOSICION DE LA POBLACION | ||
| 650 | |a DISTRIBUCION POR EDAD | ||
| 650 | |a MUJERES URBANAS | ||
| 650 | |a MUJERES RURALES | ||
| 650 | |a MANO DE OBRA | ||
| 773 | |g volumen 9, número 35 Nueva ; páginas 9-28 | ||
| 999 | |c 35867 |d 35867 | ||
